000 00813pam a2200253 a 4500
999 _c6051
_d6051
001 1387386
003 OSt
005 20190111172729.0
008 820204s1982 miu b 001 0 eng
010 _a 82001964
020 _a0310435706
040 _aDLC
_cDLC
_dDLC
050 0 0 _aBS612
_b.A73 1982
082 0 0 _aREF 220.6
_219
_bAR671e
100 1 _aArcher, Gleason L.
_q(Gleason Leonard),
_d1916-2004.
245 1 0 _aEncyclopedia of Bible difficulties /
_cGleason L. Archer ; foreword by Kenneth S. Kantzer.
260 _aGrand Rapids, Mich. :
_bZondervan Pub. House,
_cc1982.
300 _a476 p. ;
_c24 cm.
500 _aIncludes indexes.
504 _aBibliography: p. 435-436.
630 0 0 _aBible
_xExaminations, questions, etc.
906 _a7
_bcbc
_corignew
_d1
_eocip
_f19
_gy-gencatlg
942 _2ddc
_cBK